LEADER 01250cam0-2200385---450- 001 990004220130403321 005 20151027092500.0 010 $a3-515-06832-5 035 $a000422013 035 $aFED01000422013 035 $a(Aleph)000422013FED01 035 $a000422013 100 $a19990604d1996----km-y0itay50------ba 101 0 $ager 102 $aDE 105 $ay-------001yy 200 1 $aBürger und Soldaten$easpekte der politischen und militärischen Rolle athenischer Bürger im Kriegswesen des 4. Jahrhunderts v. Chr.$fLeonhard A. Burckhardt 210 $aStuttgart$cF. Steiner$d1996 215 $a300 p.$d24 cm 225 1 $aHistoria$eZeitschrift für Alte Geschichte$iEinzelschriften$v101 320 $aBibliografia: p. 262-278. Indice 610 0 $aAtene antica$aStoria militare 610 0 $aSoldati ateniesi$aSec. 4. a. C. 676 $a355.209385$v21$zita 676 $a355.00938$v22$zita 700 1$aBurckhardt,$bLeonhard A.$0387062 801 0$aIT$bUNINA$gRICA$2UNIMARC 901 $aBK 912 $a990004220130403321 952 $a355.009 BUR 1$bBibl. 20208$fFLFBC 952 $aXXI A 710 (101)$b44120*$fFGBC 959 $aFGBC 959 $aFLFBC 996 $aBurger und Soldaten$973823 997 $aUNINA LEADER 02459 am 2200625 n 450 001 9910495747203321 005 20240104030501.0 010 $a88-7885-416-6 010 $a88-7885-459-X 010 $a88-7885-417-4 024 7 $a10.4000/books.res.856 035 $a(CKB)4100000001192403 035 $a(FrMaCLE)OB-res-856 035 $a(PPN)223796492 035 $a(EXLCZ)994100000001192403 100 $a20171215j|||||||| ||| 0 101 0 $aita 135 $auu||||||m|||| 200 00$aFilosofie della natura dopo Schelling$fIain Hamilton Grant 210 $aTorino$cRosenberg & Sellier$d2017 215 $a1 online resource (317 p.) 311 $a88-7885-415-8 330 $aRipercorrendo la filosofia della natura di Schelling, in un costante dialogo con le opere scientifiche del suo tempo, questo saggio non si limita a esporre le tesi originali della fisica speculativa del filosofo tedesco come un semplice episodio della storia del pensiero. Il programma filosofico intrapreso e sviluppato da Schelling è infatti presentato da Iain Hamilton Grant come un percorso tuttora praticabile, e anzi necessario come rimedio al rifiuto della metafisica all?atteggiamento ?antifisico? che pervade buona parte della filosofia contemporanea. Non solo una pietra miliare per gli studi schellinghiani, dunque, ma un?autentica, originale proposta filosofica. 606 $aPhilosophy 606 $aSchelling 606 $afilosofia della natura 606 $afisica 606 $afilosofia tedesca 606 $aphilosophie de la nature 606 $aphysique 606 $aphilosophie allemande 606 $aGerman philosophy 606 $aphilosophy of nature 606 $aphysics 615 4$aPhilosophy 615 4$aSchelling 615 4$afilosofia della natura 615 4$afisica 615 4$afilosofia tedesca 615 4$aphilosophie de la nature 615 4$aphysique 615 4$aphilosophie allemande 615 4$aGerman philosophy 615 4$aphilosophy of nature 615 4$aphysics 700 $aGrant$b Iain Hamilton$01158370 701 $aCorriero$b Emilio Carlo$01298764 701 $aFerraris$b Maurizio$010751 701 $aGrant$b Iain Hamilton$01298765 701 $aCorriero$b Emilio Carlo$0599868 801 0$bFR-FrMaCLE 906 $aBOOK 912 $a9910495747203321 996 $aFilosofie della natura dopo Schelling$93657863 997 $aUNINA